00557nam a22001697a 450000500170000001000130001702000260003003500130005603700150006908200140008410000160009824501040011426000380021827000610025630000200031750000500033720181112160123.0 aB-710700 c9788178244747a895.00 aB-710700 adplbgift  a894.81209 aUdaya Kumar aWriting the first person:cby Udaya Kumarbliterature, history and autobiography in modern Kerala / c2016aRanikhetbAshoka University aHimalayana, Mall Road, Ranikhet Cantt.bRanikhete263645 c22cm(Hb)a324p. aIncludes bibliographical references and index